000
00308nam a22001337a 4500
008
170630b xxu||||| |||| 00| 0 eng d
020
_a
0393953831
041
_a
eng
080
_2
2ND
_a
82
100
_a
22
101
_a
GJL
245
_a
THE NORTON ANTHOLOGY OF AMERICAN LITERATURE
_c
BAYM
942
_2
udc
_c
BK
999
_c
19742
_d
19742